[Event "GER-chT11-B2 email"]
[Site "GER email"]
[Date "2015.10.15"]
[Round "?.3"]
[White "Alf, Henning"]
[Black "Lehnhoff, Heinz Georg"]
[Result "1/2-1/2"]
[WhiteElo "2327"]
[BlackElo "2270"]
[PlyCount "51"]
[EventDate "2015.??.??"]
[EventType "tourn (corr)"]
[EventRounds "8"]
[EventCountry "GER"]
[SourceTitle "Corr 2017"]
[Source "ChessBase"]
[SourceDate "2017.09.19"]
[SourceVersion "1"]
[SourceVersionDate "2017.09.19"]
[SourceQuality "1"]
[WhiteTeam "Raisdorfer Schachgemeinschaft"]
[BlackTeam "DESC"]

1. d4 Nf6 2. c4 e6 3. Nc3 d5 4. cxd5 exd5 5. Bf4 c6 6. e3 Bf5 7. Bd3 Bxd3 8. Qxd3 Nbd7 9. h3 Be7 10. Nf3 0-0 11. Qc2 Re8 12. 0-0 Nb6 13. Rfe1 Ne4 14. Ne5 Bb4 15. a4 a5 16. Re2 Qe7 17. Nd3 Bd6 18. Qb3 Nc4 19. Nxe4 Qxe4 20. Nc5 Qe7 21. Rae1 Bxc5 22. dxc5 f5 23. Qc2 g6 24. f3 Qf6 25. Qb3 Qe7 26. Qc3 1/2-1/2

[Event "GER-chT10 LJ-23 Br03 email"]
[Site "GER email"]
[Date "2013.10.04"]
[Round "?"]
[White "Alf, Henning"]
[Black "Nyberg, Wilfred"]
[Result "1-0"]
[WhiteElo "2092"]
[BlackElo "2109"]
[PlyCount "79"]
[EventDate "2013.10.15"]
[EventType "tourn (corr)"]
[EventRounds "8"]
[EventCountry "GER"]
[SourceTitle "Corr 2015"]
[Source "ChessBase"]
[SourceDate "2015.07.17"]
[SourceVersion "1"]
[SourceVersionDate "2015.07.17"]
[SourceQuality "1"]

1. d4 d5 2. c4 e6 3. Nf3 c6 4. Qc2 Nf6 5. g3 dxc4 6. Qxc4 b5 7. Qd3 Bb7 8. Bg2 Nbd7 9. 0-0 a6 10. Ne5 Nxe5 11. dxe5 Qxd3 12. exd3 Nd5 13. a3 0-0-0 14. Rd1 c5 15. Nd2 f5 16. exf6 gxf6 17. Nb3 Nb6 18. Be3 Bxg2 19. Kxg2 Na4 20. Bxc5 Bxc5 21. Nxc5 Nxc5 22. Rac1 Rd5 23. d4 Rhd8 24. Re1 e5 25. Rxc5+ Rxc5 26. dxc5 a5 27. Re3 Rd5 28. Rf3 Rxc5 29. Rxf6 Rc2 30. b4 axb4 31. axb4 e4 32. h4 Kd7 33. Kf1 Rb2 34. Rf7+ Ke6 35. Rxh7 Rxb4 36. Ke2 Ke5 37. Re7+ Kf5 38. h5 Rb1 39. h6 Rh1 40. h7 1-0

[Event "Remote Federal-ch email"]
[Site "Remote email"]
[Date "2013.09.11"]
[Round "?"]
[White "Alf, Henning"]
[Black "Noack, Thomas"]
[Result "1-0"]
[WhiteElo "2422"]
[BlackElo "1982"]
[PlyCount "31"]
[EventDate "2013.??.??"]
[EventType "swiss (corr)"]
[EventRounds "12"]
[EventCountry "GER"]
[SourceTitle "Corr 2015"]
[Source "ChessBase"]
[SourceDate "2015.07.17"]
[SourceVersion "1"]
[SourceVersionDate "2015.07.17"]
[SourceQuality "1"]

1. c4 c5 2. Nc3 Nc6 3. g3 g6 4. Bg2 Bg7 5. a3 Nf6 6. Rb1 d6 7. b4 cxb4 8. axb4 0-0 9. b5 Na5 10. d3 Rb8 11. Qa4 b6 12. Bd2 e6 13. Nf3 Bb7 14. Qa3 d5 15. c5 bxc5 16. Nd1 1-0

[Event "Remote email"]
[Site "Remote email"]
[Date "2013.08.23"]
[Round "?"]
[White "Alf, Henning"]
[Black "Lotz, Bernhard"]
[Result "0-1"]
[WhiteElo "2422"]
[BlackElo "2464"]
[PlyCount "72"]
[EventDate "2013.??.??"]
[EventType "tourn (corr)"]
[EventRounds "6"]
[EventCountry "GER"]
[SourceTitle "Corr 2015"]
[Source "ChessBase"]
[SourceDate "2015.07.17"]
[SourceVersion "1"]
[SourceVersionDate "2015.07.17"]
[SourceQuality "1"]

1. c4 e5 2. Nc3 Nf6 3. e4 Bc5 4. Be2 d6 5. h3 0-0 6. Nf3 Nc6 7. 0-0 Be6 8. d3 Nd4 9. Bg5 h6 10. Nxd4 Bxd4 11. Bh4 c6 12. Bf3 Qe7 13. Qc2 Rfe8 14. Ne2 Bb6 15. Kh1 Rac8 16. b4 a6 17. Bg3 Nh7 18. c5 dxc5 19. bxc5 Qxc5 20. Qb2 Bc7 21. Qxb7 Qb5 22. Rab1 Qxd3 23. Rfd1 Qa3 24. Rbc1 Ng5 25. Ng1 c5 26. Be2 f6 27. h4 Nf7 28. Qxa6 Ba5 29. Bb5 Ra8 30. Qc6 Bb4 31. Qxe8+ Rxe8 32. Bxe8 Bxa2 33. Ra1 c4 34. Rd7 Nd6 35. Bg6 Kf8 36. f3 Bc5 0-1

[Event "Remote S7E High-139 email"]
[Site "Remote email"]
[Date "2013.02.02"]
[Round "?"]
[White "Alf, Henning"]
[Black "Traut, Gerhard"]
[Result "1-0"]
[WhiteElo "2416"]
[BlackElo "2340"]
[PlyCount "79"]
[EventDate "2013.??.??"]
[EventType "tourn (corr)"]
[EventRounds "6"]
[EventCountry "GER"]
[SourceTitle "Corr 2015"]
[Source "ChessBase"]
[SourceDate "2015.07.17"]
[SourceVersion "1"]
[SourceVersionDate "2015.07.17"]
[SourceQuality "1"]

1. c4 c5 2. Nc3 g6 3. g3 Nc6 4. Bg2 Bg7 5. a3 d6 6. Rb1 a5 7. e3 e5 8. d3 Nge7 9. Nf3 h6 10. 0-0 Be6 11. b3 Qd7 12. Bb2 Rd8 13. Nd2 0-0 14. Na4 Rb8 15. Nb6 Qc7 16. Nd5 Qd7 17. Bc3 b6 18. b4 axb4 19. axb4 Rfd8 20. b5 Na7 21. Qb3 Bxd5 22. cxd5 Rb7 23. Nc4 Rf8 24. Qb2 f6 25. f4 Nac8 26. fxe5 fxe5 27. Rxf8+ Kxf8 28. h4 Kg8 29. Kh2 Na7 30. Bh3 Qd8 31. Qa2 Nec8 32. Be6+ Kh8 33. Qa6 Rb8 34. Rf1 Qe8 35. Na3 Bf8 36. Rf7 Bg7 37. Kg2 Kh7 38. Rd7 Qf8 39. Nc4 Nxb5 40. Qxb5 1-0

[Event "GER MS-172 email"]
[Site "GER email"]
[Date "2013.01.10"]
[Round "?"]
[White "Langer, Raimund"]
[Black "Alf, Henning"]
[Result "1/2-1/2"]
[WhiteElo "2063"]
[BlackElo "2063"]
[PlyCount "37"]
[EventDate "2013.01.28"]
[EventType "tourn (corr)"]
[EventRounds "6"]
[EventCountry "GER"]
[SourceTitle "Corr 2015"]
[Source "ChessBase"]
[SourceDate "2015.07.17"]
[SourceVersion "1"]
[SourceVersionDate "2015.07.17"]
[SourceQuality "1"]

1. e4 c6 2. d4 d5 3. e5 Bf5 4. Nf3 e6 5. Be2 c5 6. Be3 Nd7 7. Nbd2 Ne7 8. c4 Be4 9. dxc5 Nc6 10. Qb3 Nxc5 11. Bxc5 Bxc5 12. Qxb7 Rc8 13. 0-0 0-0 14. Rfd1 Rc7 15. Qb5 Nd4 16. Nxd4 Bxd4 17. Nxe4 dxe4 18. Qa6 Qb8 19. Rxd4 1/2-1/2

[Event "GER MS-160 email"]
[Site "GER email"]
[Date "2012.05.28"]
[Round "?"]
[White "Alf, Henning"]
[Black "Hoppe, Frank"]
[Result "1/2-1/2"]
[WhiteElo "2085"]
[BlackElo "2129"]
[PlyCount "66"]
[EventDate "2012.06.08"]
[EventType "tourn (corr)"]
[EventRounds "6"]
[EventCountry "GER"]
[SourceTitle "Corr 2015"]
[Source "ChessBase"]
[SourceDate "2015.07.17"]
[SourceVersion "1"]
[SourceVersionDate "2015.07.17"]
[SourceQuality "1"]

1. d4 Nf6 2. c4 e6 3. Nc3 Bb4 4. e3 b6 5. Nge2 Ne4 6. Bd2 Nxd2 7. Qxd2 0-0 8. a3 Be7 9. Nf4 d6 10. Bd3 c6 11. Be4 a5 12. 0-0 Ba6 13. Bd3 Nd7 14. Rfd1 Bb7 15. Rac1 Rc8 16. h3 g6 17. Be2 c5 18. d5 e5 19. Nd3 f5 20. Nb5 Nf6 21. b4 Ne4 22. Qc2 axb4 23. axb4 Ra8 24. bxc5 bxc5 25. Ra1 Qd7 26. Rdb1 Rfb8 27. Nb2 Rxa1 28. Rxa1 Ng5 29. Ra7 e4 30. Na4 Nf7 31. Qb2 Qd8 32. Bd1 Bf6 33. Qb3 Qe7 1/2-1/2

[Event "GER T153-E83-S email"]
[Site "GER email"]
[Date "2012.05.15"]
[Round "?"]
[White "Alf, Henning"]
[Black "Vieth, Martin"]
[Result "1/2-1/2"]
[WhiteElo "2090"]
[BlackElo "1956"]
[PlyCount "43"]
[EventDate "2012.05.21"]
[EventType "tourn (corr)"]
[EventRounds "8"]
[EventCountry "GER"]
[SourceTitle "Corr 2015"]
[Source "ChessBase"]
[SourceDate "2015.07.17"]
[SourceVersion "1"]
[SourceVersionDate "2015.07.17"]
[SourceQuality "1"]
[WhiteTeam "Germany"]
[BlackTeam "Latvia"]
[WhiteTeamCountry "GER"]
[BlackTeamCountry "LAT"]

1. d4 Nf6 2. c4 g6 3. Nc3 Bg7 4. e4 d6 5. f3 0-0 6. Be3 Nc6 7. Nge2 a6 8. Qd2 Rb8 9. h4 b5 10. h5 e5 11. d5 Na5 12. Ng3 Nxc4 13. Bxc4 bxc4 14. h6 Bh8 15. Rc1 Qd7 16. Rc2 a5 17. 0-0 Ne8 18. Bf2 Ba6 19. Rfc1 Bf6 20. Nb1 Qa4 21. Na3 Qb4 22. Qe3 1/2-1/2

[Event "GER-ch44 V08 email"]
[Site "GER email"]
[Date "2012.04.25"]
[Round "?"]
[White "Alf, Henning"]
[Black "Schmidt, Theo"]
[Result "0-1"]
[WhiteElo "2085"]
[BlackElo "2104"]
[PlyCount "90"]
[EventDate "2012.04.30"]
[EventType "tourn (corr)"]
[EventRounds "12"]
[EventCountry "GER"]
[SourceTitle "Corr 2015"]
[Source "ChessBase"]
[SourceDate "2015.07.17"]
[SourceVersion "1"]
[SourceVersionDate "2015.07.17"]
[SourceQuality "1"]

1. Nf3 Nf6 2. g3 g6 3. Bg2 Bg7 4. 0-0 0-0 5. d3 d5 6. Nbd2 Nc6 7. c3 a5 8. Qc2 a4 9. e4 e5 10. exd5 Nxd5 11. Re1 Re8 12. a3 b6 13. Ne4 f5 14. Bg5 fxe4 15. Bxd8 exf3 16. Bxf3 Rxd8 17. h4 Be6 18. h5 Nde7 19. hxg6 hxg6 20. Be4 Rd6 21. Rf1 Bb3 22. Qe2 Re8 23. Rae1 Nd8 24. Qg4 Be6 25. Qe2 Nf7 26. f4 exf4 27. gxf4 Bf6 28. Qc2 Bd7 29. Re2 Kg7 30. Rh2 Nf5 31. Rf3 Nh4 32. Rf1 c5 33. Qf2 c4 34. Rxh4 Bxh4 35. Qxh4 cxd3 36. Bf3 d2 37. Kf2 Bf5 38. Rg1 Rd3 39. Bg4 Nd6 40. Bxf5 d1N+ 41. Rxd1 Rxd1 42. Bxg6 Rd2+ 43. Kf3 Kxg6 44. Qg5+ Kf7 45. Qh5+ Ke7 0-1

[Event "GER-chT9 LI-23 Br03 email"]
[Site "GER email"]
[Date "2011.10.17"]
[Round "?"]
[White "Hartwich, Andreas"]
[Black "Alf, Henning"]
[Result "1/2-1/2"]
[WhiteElo "1864"]
[BlackElo "2090"]
[PlyCount "64"]
[EventDate "2011.10.23"]
[EventType "tourn (corr)"]
[EventRounds "8"]
[EventCountry "GER"]
[SourceTitle "Corr 2015"]
[Source "ChessBase"]
[SourceDate "2015.07.17"]
[SourceVersion "1"]
[SourceVersionDate "2015.07.17"]
[SourceQuality "1"]

1. d4 d5 2. c4 dxc4 3. e3 e5 4. Bxc4 exd4 5. exd4 Nf6 6. Nf3 Be7 7. Nc3 0-0 8. 0-0 Nc6 9. h3 Na5 10. Bd3 Be6 11. Re1 Nc6 12. a3 a6 13. Bc2 Qd6 14. Be3 Rad8 15. Qe2 Rfe8 16. Rad1 Nd5 17. Ne4 Qd7 18. Nc5 Bxc5 19. dxc5 f6 20. Be4 Qf7 21. Qc2 Kh8 22. Bc1 Nde7 23. Rxd8 Rxd8 24. Bf4 Rd7 25. b4 h6 26. Bh2 Bd5 27. Qd3 Qe6 28. Bg6 Qg8 29. Be4 Qd8 30. Qe3 Bxe4 31. Qxe4 Qg8 32. Qg4 Qd5 1/2-1/2

[Event "GER-chT9 LI-23 Br03 email"]
[Site "GER email"]
[Date "2011.10.17"]
[Round "?"]
[White "Kappes, Dieter"]
[Black "Alf, Henning"]
[Result "1/2-1/2"]
[WhiteElo "2067"]
[BlackElo "2090"]
[PlyCount "45"]
[EventDate "2011.10.23"]
[EventType "tourn (corr)"]
[EventRounds "8"]
[EventCountry "GER"]
[SourceTitle "Corr 2015"]
[Source "ChessBase"]
[SourceDate "2015.07.17"]
[SourceVersion "1"]
[SourceVersionDate "2015.07.17"]
[SourceQuality "1"]

1. e4 e6 2. d4 d5 3. Nd2 dxe4 4. Nxe4 Bd7 5. Nf3 Bc6 6. Bd3 Nd7 7. 0-0 Ngf6 8. Ng3 Be7 9. b3 0-0 10. c4 Bxf3 11. Qxf3 c6 12. Bb2 Qc7 13. Rfe1 Rfe8 14. Rad1 Qa5 15. Re2 Ba3 16. Ba1 Rad8 17. Bc2 h6 18. h3 Bd6 19. Bc3 Bb4 20. Bb2 Ba3 21. Ba1 Bd6 22. Bc3 Bb4 23. Bb2 1/2-1/2

[Event "GER-ch43 V05 email"]
[Site "GER email"]
[Date "2011.04.10"]
[Round "?"]
[White "Alf, Henning"]
[Black "Andreev, Thomas"]
[Result "1-0"]
[WhiteElo "2096"]
[BlackElo "2050"]
[PlyCount "119"]
[EventDate "2011.04.18"]
[EventType "tourn (corr)"]
[EventRounds "10"]
[EventCountry "GER"]
[SourceTitle "Corr 2015"]
[Source "ChessBase"]
[SourceDate "2015.07.17"]
[SourceVersion "1"]
[SourceVersionDate "2015.07.17"]
[SourceQuality "1"]
[WhiteTeam "Germany"]
[BlackTeam "Latvia"]
[WhiteTeamCountry "GER"]
[BlackTeamCountry "LAT"]

1. d4 Nf6 2. Bg5 e6 3. e4 h6 4. Bxf6 Qxf6 5. Qd2 c5 6. c3 d5 7. e5 Qd8 8. Nf3 Nc6 9. Bd3 c4 10. Bc2 b5 11. Qe3 Be7 12. 0-0 0-0 13. a3 a5 14. Nbd2 Bd7 15. b3 cxb3 16. Nxb3 Rc8 17. Rfb1 a4 18. Nc1 Qc7 19. Qd3 g6 20. Qe3 Kg7 21. Bd3 Na5 22. Ne2 Rb8 23. h4 Nc4 24. Qc1 Rbc8 25. h5 Be8 26. Nh2 Bg5 27. f4 Be7 28. Ng4 Rh8 29. Bxc4 dxc4 30. Qe3 Bc6 31. Qh3 Rcg8 32. hxg6 fxg6 33. Kh2 Qd7 34. Ne3 Bd5 35. f5 exf5 36. Nxd5 Qxd5 37. Nf4 Qe4 38. Rf1 Kh7 39. Ra2 h5 40. Re2 Qb7 41. d5 Bxa3 42. d6 Qd7 43. Rd1 Rd8 44. Qg3 Qf7 45. Qg5 Kg7 46. g3 Rb8 47. e6 Qf6 48. Qxf6+ Kxf6 49. d7 Rhd8 50. e7 Bxe7 51. Nd5+ Kg7 52. Rxe7+ Kh6 53. Nf4 Rg8 54. Rde1 Rbd8 55. Re8 Rgxe8 56. dxe8Q Rxe8 57. Rxe8 g5 58. Re6+ Kg7 59. Rg6+ Kh7 60. Rxg5 1-0

[Event "GER-ch43 V05 email"]
[Site "GER email"]
[Date "2011.04.10"]
[Round "?"]
[White "Alf, Henning"]
[Black "Behling, Helmut"]
[Result "1-0"]
[WhiteElo "2096"]
[BlackElo "1937"]
[PlyCount "87"]
[EventDate "2011.04.18"]
[EventType "tourn (corr)"]
[EventRounds "10"]
[EventCountry "GER"]
[SourceTitle "Corr 2015"]
[Source "ChessBase"]
[SourceDate "2015.07.17"]
[SourceVersion "1"]
[SourceVersionDate "2015.07.17"]
[SourceQuality "1"]
[WhiteTeam "Germany"]
[BlackTeam "Latvia"]
[WhiteTeamCountry "GER"]
[BlackTeamCountry "LAT"]

1. d4 Nf6 2. Bg5 Ne4 3. Bf4 c5 4. f3 Qa5+ 5. c3 Nf6 6. d5 e6 7. e4 exd5 8. exd5 d6 9. Qd2 Be7 10. c4 Qxd2+ 11. Nxd2 Nh5 12. Be3 f5 13. 0-0-0 0-0 14. Re1 Bf6 15. Nh3 Re8 16. Bd3 Na6 17. a3 Nc7 18. Rhg1 Be5 19. g4 fxg4 20. Ng5 Bxh2 21. Rh1 Bg3 22. Bxh7+ Kf8 23. Rxh5 Bxe1 24. Nde4 gxf3 25. Bf4 Rd8 26. Nxf3 Ne8 27. Nxe1 Nf6 28. Nxf6 gxf6 29. Bd3 Kg8 30. Ng2 b6 31. Rh6 Kg7 32. Ne3 Rh8 33. Rxh8 Kxh8 34. Bxd6 Kg7 35. b4 cxb4 36. axb4 a5 37. c5 bxc5 38. bxc5 a4 39. Kb2 a3+ 40. Ka2 Kh6 41. Nc4 Bg4 42. c6 Kg5 43. Nb6 Rh8 44. c7 1-0

[Event "GER-ch43 V05 email"]
[Site "GER email"]
[Date "2011.04.10"]
[Round "?"]
[White "Bekemann, Uwe"]
[Black "Alf, Henning"]
[Result "1-0"]
[WhiteElo "2036"]
[BlackElo "2096"]
[PlyCount "39"]
[EventDate "2011.04.18"]
[EventType "tourn (corr)"]
[EventRounds "10"]
[EventCountry "GER"]
[SourceTitle "Corr 2015"]
[Source "ChessBase"]
[SourceDate "2015.07.17"]
[SourceVersion "1"]
[SourceVersionDate "2015.07.17"]
[SourceQuality "1"]
[WhiteTeam "Germany"]
[BlackTeam "Latvia"]
[WhiteTeamCountry "GER"]
[BlackTeamCountry "LAT"]

1. d4 d5 2. c4 dxc4 3. e4 e5 4. Nf3 exd4 5. Bxc4 Bb4+ 6. Nbd2 Nc6 7. 0-0 Nf6 8. e5 Nd5 9. Nb3 Nb6 10. Bg5 Be7 11. Bxe7 Qxe7 12. Bb5 Bd7 13. Bxc6 Bxc6 14. Nfxd4 Bd5 15. Qg4 h5 16. Qf4 0-0-0 17. Nf5 Qe8 18. Rac1 Kb8 19. Rxc7 g5 20. Qg3 1-0

[Event "GER-ch43 V05 email"]
[Site "GER email"]
[Date "2011.04.10"]
[Round "?"]
[White "Mehlhorn, Uwe"]
[Black "Alf, Henning"]
[Result "1/2-1/2"]
[WhiteElo "2169"]
[BlackElo "2096"]
[PlyCount "78"]
[EventDate "2011.04.18"]
[EventType "tourn (corr)"]
[EventRounds "10"]
[EventCountry "GER"]
[SourceTitle "Corr 2015"]
[Source "ChessBase"]
[SourceDate "2015.07.17"]
[SourceVersion "1"]
[SourceVersionDate "2015.07.17"]
[SourceQuality "1"]
[WhiteTeam "Germany"]
[BlackTeam "Latvia"]
[WhiteTeamCountry "GER"]
[BlackTeamCountry "LAT"]

1. d4 d5 2. c4 dxc4 3. e3 e5 4. Bxc4 exd4 5. exd4 Nf6 6. Nf3 Bd6 7. 0-0 0-0 8. h3 h6 9. Nc3 Nc6 10. Qc2 Nb4 11. Qb1 Nc6 12. a3 Ne7 13. Re1 c6 14. Ne5 Bc7 15. Qd3 Bf5 16. Qe2 Nfd5 17. Bd2 Bb6 18. Nxd5 Nxd5 19. Qf3 Qf6 20. Bxd5 cxd5 21. g4 Be6 22. Qd3 Rac8 23. Kg2 Rc4 24. Nxc4 dxc4 25. Qg3 Bd5+ 26. Kg1 Rc8 27. Bf4 Bc6 28. Rad1 Ba4 29. Be5 Qd8 30. Rc1 Bc6 31. Rxc4 Qd5 32. Rxc6 Rxc6 33. Qg2 Qxg2+ 34. Kxg2 Rc2 35. b4 f6 36. Bg3 Bxd4 37. Re8+ Kh7 38. Rd8 Bb2 39. Rd7 Rc4 1/2-1/2

[Event "GER Cup17 final email"]
[Site "GER email"]
[Date "2011.03.01"]
[Round "?"]
[White "Alf, Henning"]
[Black "Mathias, Manfred"]
[Result "1-0"]
[WhiteElo "2104"]
[BlackElo "2078"]
[PlyCount "81"]
[EventDate "2011.03.10"]
[EventType "tourn (corr)"]
[EventRounds "16"]
[EventCountry "GER"]
[SourceTitle "Corr 2015"]
[Source "ChessBase"]
[SourceDate "2015.07.17"]
[SourceVersion "1"]
[SourceVersionDate "2015.07.17"]
[SourceQuality "1"]
[WhiteTeam "Germany"]
[BlackTeam "Germany"]
[WhiteTeamCountry "GER"]
[BlackTeamCountry "GER"]

1. d4 Nf6 2. Nf3 g6 3. c4 Bg7 4. Nc3 d5 5. e3 0-0 6. cxd5 Nxd5 7. Bc4 Nb6 8. Bb3 Nc6 9. 0-0 e5 10. d5 Na5 11. e4 Qd6 12. a4 Bg4 13. Ba2 Qb4 14. h3 Bd7 15. Qd3 Rfc8 16. Nb1 Qxa4 17. b3 Qb5 18. Qxb5 Bxb5 19. Re1 Nxd5 20. Bd2 Nc6 21. exd5 e4 22. Nc3 exf3 23. Nxb5 Bxa1 24. Rxa1 Ne7 25. b4 a6 26. Nc3 fxg2 27. Ne4 Nf5 28. Rc1 c6 29. d6 Rd8 30. d7 Kf8 31. Nf6 Nd4 32. Kxg2 Ne6 33. Rc3 Ke7 34. Rf3 b5 35. h4 a5 36. bxa5 c5 37. Bd5 Ra7 38. Bxe6 Kxe6 39. Be3 Rxa5 40. Bxc5 Raa8 41. Bd4 1-0

[Event "GER Cup17 final email"]
[Site "GER email"]
[Date "2011.03.01"]
[Round "?"]
[White "Alf, Henning"]
[Black "Zejewski, Paul"]
[Result "1/2-1/2"]
[WhiteElo "2104"]
[BlackElo "2182"]
[PlyCount "63"]
[EventDate "2011.03.10"]
[EventType "tourn (corr)"]
[EventRounds "16"]
[EventCountry "GER"]
[SourceTitle "Corr 2015"]
[Source "ChessBase"]
[SourceDate "2015.07.17"]
[SourceVersion "1"]
[SourceVersionDate "2015.07.17"]
[SourceQuality "1"]
[WhiteTeam "Germany"]
[BlackTeam "Germany"]
[WhiteTeamCountry "GER"]
[BlackTeamCountry "GER"]

1. d4 d5 2. c4 e6 3. Nf3 Nf6 4. g3 Be7 5. Bg2 0-0 6. 0-0 dxc4 7. Qc2 a6 8. a4 Bd7 9. Qxc4 Bc6 10. Bf4 a5 11. Nc3 Na6 12. Ne5 Bxg2 13. Kxg2 Nd5 14. Rad1 Nab4 15. Bd2 f6 16. Nf3 Qd7 17. e4 Nb6 18. Qb3 Rfe8 19. Be3 Ra6 20. h4 h5 21. Ne1 Bd6 22. Nb5 Qc6 23. f3 Qc4 24. Qxc4 Nxc4 25. Bc1 c6 26. Nxd6 Nxd6 27. Nd3 Nxd3 28. Rxd3 Rd8 29. Bf4 Nf7 30. b3 c5 31. d5 g5 32. hxg5 1/2-1/2